| 000 | 01915cam a22003135a 4500 | ||
|---|---|---|---|
| 001 | E140094 | ||
| 008 | 070911n2007 stk f u 000 0 eng d | ||
| 020 | _a9781842193440 | ||
| 035 | _a(Sirsi) u140094 | ||
| 041 | 0 | _aeng | |
| 050 | 0 | 4 | _a346.4104342 $2 18 |
| 110 | 2 |
_aRoyal Institution of Chartered Surveyors _94900 |
|
| 245 | 0 | 0 |
_aService charges in commercial property _bRICS code of practice, Scottish edition _c[old edition] |
| 260 |
_aLondon _bRICS _c2007 |
||
| 490 | 0 | _aRICS Code of Practice | |
| 490 | 0 | _aRICS Guidance Note | |
| 505 | 2 | _aTerminology used in the code -- Introduction -- The code -- Technical support -- Appendices | |
| 520 | _aWritten in light of UK government concerns about disputes over service charges and their alleged lack of transparency. In addition to setting out best practice for commercial service charges, the objectives of this new code are to: remove service charges as an area of conflict; deliver a budgetable and forecastable part of occupiers' overheads; ensure service charges that are "not for profit, not for loss" and that are cash neutral to the owner's income stream; encourage transparency and communication in the relationship between landlords and tenants. This Code will come into effect in Scotland on 11 September 2007 and will apply to service charges commencing on 1 April 2008 or any date thereafter. | ||
| 590 | _aKA | ||
| 651 | 4 |
_aScotland _y1999- |
|
| 690 | _aPROPERTY-COMMERCIAL PROPERTY-COMMERCIAL LANDLORD AND TENANT-COMMERCIAL SERVICE CHARGES | ||
| 710 | 2 |
_aBritish Council for Offices _93992 |
|
| 710 | 2 |
_aBritish Council of Shopping Centres _91982 |
|
| 710 | 2 |
_aScottish Property Federation _95359 |
|
| 710 | 2 |
_aScottish Retail Consortium _95360 |
|
| 710 | 2 |
_aProperty Managers Association _9213 |
|
| 856 | 4 | 0 |
_uhttps://www.isurv.com/downloads/download/192/service_charges_in_commercial_property _zArchived on isurv |
| 942 |
_n0 _2ddc |
||
| 999 |
_c107417 _d107417 |
||